Statistiques concernant Le XI titulaire du TFC depuis 2012

Cliquez ici pour prendre le quiz!

Statistiques générales

  • Ce quiz a été pris 208 fois
  • Le résultat moyen est 55 sur 110

Statistiques - réponses

2021/2022Réponse% Correct
France - GardienMaxime Dupé
90%
Pays Bas - MilieuBranco Van den Boomen
89%
Pays de Galles - AttaquantRhys Healey
88%
France - AttaquantWissam Ben Yedder
86%
France - DéfenseurAnthony Rouault
82%
Brésil - AttaquantRafael Ratao
82%
Danemark - DéfenseurRasmus Nicolaisen
82%
Pays Bas - MilieuStijn Spierings
82%
Guinée - DéfenseurIssiaga Sylla
81%
Danemark - DéfenseurMikkel Desler
80%
France - GardienAlban Lafont
78%
Belgique - MilieuBrecht Dejaegere
78%
Danemark - AttaquantMartin Braithwaite
74%
Côte d'Ivoire - AttaquantMax-Alain Gradel
74%
France - AttaquantNathan Ngoumou
71%
Colombie - DéfenseurDeiver Machado
66%
France - MilieuAmine Adli
65%
France - MilieuManu Koné
64%
Comores - GardienAli Ahamada
59%
France - Gardien | France- GardienBaptiste Reynet
59%
Argentine - AttaquantOscar Trejo
59%
Côte d'Ivoire - MilieuIbrahim Sangaré
58%
Grèce - AttaquantEfthymios Koulouris
57%
France - MilieuMoussa Sissoko
54%
France - DéfenseurIssa Diop
53%
Norvège - DéfenseurRuben Gabrielsen
51%
Côte d'Ivoire - AttaquantVakoun Bayo
47%
Tunisie - DéfenseurAymen Abdenour
46%
France - DéfenseurBafodé Diakité
46%
Belgique - DéfenseurSébastien Dewaest
46%
France - MilieuYann Bodiger
46%
Maroc - MilieuAdrien Regattin
45%
Algérie - AttaquantAndy Delort
45%
France - Milieu | Frane - MilieuEtienne Didot
45%
Suisse - DéfenseurJacques-François Moubandjé
45%
Suisse - DéfenseurJacques-François Moubandje
45%
Côte d'Ivoire - DéfenseurSerge Aurier
44%
France - DéfenseurChristopher Jullien
43%
Espagne - MilieuManu Garcia
43%
Belgique - AttaquantAaron Leya Iseka
41%
Côte d'Ivoire - MilieuJean-Daniel Akpa Akpro
39%
France - MilieuEtienne Capoue
38%
Japon - DéfenseurGen Shoji
38%
Uruguay - GardienMauro Goicoechea
38%
Burkina Faso - DéfenseurSteve Yago
37%
Togo - AttaquantMatthieu Dossevi
36%
France - GardienZacharie Boucher
36%
France - AttaquantYaya Sanogo
35%
Serbie - Défenseur | Serbie - MilieuPavle Ninkov
31%
Serbie - AttaquantAleksandar Pesic
30%
Serbie - DéfenseurUros Spajic
30%
Colombie - MilieuAbel Aguilar
29%
France - DéfenseurKelvin Amian Adou
29%
France - MilieuFranck Tabanou
28%
Mali - MilieuTongo Doumbia
28%
France - AttaquantCorentin Jean
25%
France - MilieuAlexis Blin
24%
France - DéfenseurSteven Moreira
24%
France - MilieuClément Chantôme
22%
Serbie - DéfenseurDusan Veskovac
22%
Cameroun - DéfenseurJean-Armel Kana-Biyik
22%
Rép. Dém. Congo - DéfenseurMarcel Tisserand
22%
Sénégal - DéfenseurCheikh M'bengue
21%
Trinité et Tobago - MilieuJohn Bostock
21%
Roumanie - DéfenseurDragos Grigore
20%
France - AttaquantWesley Saïd
20%
Brésil - DéfenseurWilliam Matheus
20%
Rép. Dém. Congo - MilieuGianelli Imbula
19%
France - MilieuQuentin Boisgard
18%
France - MilieuYannick Cahuzac
18%
France - DéfenseurJonathan Zebina
15%

Distribution des résultats

Percentile par nombre de réponses

% des personnes avec chaque résultat

Votre développement - résultats

Vous n’avez pas pris ce quiz